000 00582nmm a2200169Ia 4500
008 251105s9999||||xx |||||||||||||||||und||
020 _a0916379833
041 _aspa
100 _aGraniela-Rodríguez, Magda
245 0 _aEl papel del lector en la novela mexicana contemporánea: José Emilio Pacheco y Salvador Elizondo
264 _a[Washington, Estados Unidos] :
_bScripta Humanistica,
_c1990
300 _a200 páginas
490 _aLatin American Literature
650 _aLatin American literature
856 _uhttps://public.digitaliapublishing.com/a/249
942 _cCF
999 _c72962
_d72962